Normal view
MARC view
- الاوراق المالية -- قوانين وتشريعات -- التنفيذ الجبري
Entry Topical Term
001 - CONTROL NUMBER
- control field: 46717
003 - CONTROL NUMBER IDENTIFIER
- control field: JO-AjAnu
005 - DATE AND TIME OF LATEST TRANSACTION
- control field: 20230606081722.0
008 - FIXED-LENGTH DATA ELEMENTS
- fixed length control field: 230606|| aca||aabn | a|a d
040 ## - CATALOGING SOURCE
- Original cataloging agency: JO-AjAnu
- Transcribing agency: JO-AjAnu
150 ## - HEADING--TOPICAL TERM
- Topical term or geographic name entry element: الاوراق المالية -- قوانين وتشريعات -- التنفيذ الجبري
670 ## - SOURCE DATA FOUND
- Source citation: Work cat.: (JO-AjAnu)23912: إعداد عبدالرحمن آمين سلام الذنيبات؛ إشراف محمد يوسف الزعبي , author 46716, التنفيذ الجبري على الأوراق المالية التي تصدرها الشركات المساهمة العامة في قانون التنفيذ الأردني وقانون المرافعات الموحد لدول مجلس التعاون لدول الخليج العربي " دراسة مقارنة "